|
|
|
|
| LEADER |
01101nam a2200217 a 4500 |
| 001 |
1354 |
| 008 |
130724s1981 bg a b f000 0 eng d |
| 010 |
|
|
|a 82166627
|
| 040 |
|
|
|a DLC
|c DLC
|d DLC
|d BD-DhAAL
|
| 082 |
0 |
0 |
|a 363.9/6/095492
|2 19
|
| 245 |
0 |
0 |
|a Bangladesh contraceptive prevalence survey report, 1979.
|
| 260 |
|
|
|a Dacca, Bangladesh :
|b National Institute for Population Research and Training ;
|a [U.S.] :
|b Westinghouse Health Systems,
|c 1981.
|
| 300 |
|
|
|a vii, 109, [25] p. :
|b ill. ;
|c 24 cm.
|
| 500 |
|
|
|a "The ... survey .. was undertaken ... by the Population Control and Family Planning (PC & FP) Division of the Government of Bangladesh."
|
| 504 |
|
|
|a Includes bibliographical references.
|
| 541 |
|
|
|e 1354
|
| 650 |
|
0 |
|a Contraception
|z Bangladesh.
|
| 710 |
2 |
|
|a National Institute of Population Research and Training (Bangladesh)
|
| 852 |
1 |
|
|a Ayesha Abed Library
|j General shelf.
|
| 999 |
|
|
|c 13729
|d 13729
|
| 952 |
|
|
|0 0
|1 0
|2 ddc
|4 0
|6 363_960954920000000_BAN
|7 0
|9 22974
|a BRACUL
|b BRACUL
|c GEN
|d 2013-07-27
|g 0.00
|l 1
|o 363.96095492 BAN
|p 3010001354
|r 2025-05-18
|s 2025-05-12
|t 1
|w 2013-07-27
|y BK
|z Not price in Register
|